Dipterologica bohemoslovaca. Vol. 11 /

Další autoři: Kubík, Štěpán, 1974-, Barták, Miroslav, 1954-
Jazyk: Angličtina
Vydáno: Brno : Masaryk University, 2004
Vydání: 1st ed.
Edice: Folia Facultatis scientiarum naturalium Universitatis Masarykianae Brunensis. Biologia
Témata:
Fyzický popis: 346 s. : il., mapy ; 25 cm
Language note: Anglický text
Knihy
Uloženo v:
LEADER 01750nam a2200481 a 4500
001 nkc20051497469
003 CZ PrNK
005 20060103141339.0
007 ta
008 050126s2004 xr ab f 000 0 eng
015 |a cnb001497469 
020 |a 80-210-3582-X  |q (brož.) 
035 |a (OCoLC)85151136 
040 |a ABA001  |b cze  |d BOA001  |d ABA001 
043 |a e-xr--- 
072 7 |a 59  |x Zoologie  |2 Konspekt  |9 2 
080 |a 595.77  |2 MRF 
080 |a (437.3)  |2 MRF 
080 |a (062.552)  |2 MRF 
245 0 0 |a Dipterologica bohemoslovaca.  |n Vol. 11 /  |c edited by Štěpán Kubík & Miroslav Barták 
250 |a 1st ed. 
260 |a Brno :  |b Masaryk University,  |c 2004 
300 |a 346 s. :  |b il., mapy ;  |c 25 cm 
490 1 |a Folia Facultatis scientiarum naturalium Universitatis Masarykianae Brunensis. Biologia ;  |v 109 
500 |a 500 výt. 
504 |a Obsahuje bibliografie 
546 |a Anglický text 
650 0 7 |a dvoukřídlí  |7 ph114379  |2 czenas 
650 0 7 |a fauna  |7 ph114529  |z Česko  |2 czenas 
650 0 9 |a Diptera  |2 eczenas 
650 0 9 |a animals  |z Czechia  |2 eczenas 
655 7 |a sborníky  |7 fd724344  |2 czenas 
655 9 |a papers  |2 eczenas 
700 1 |a Kubík, Štěpán,  |d 1974-  |7 ola2002142288  |4 edt 
700 1 |a Barták, Miroslav,  |d 1954-  |7 jn20010309234  |4 edt 
830 0 |a Folia Facultatis scientiarum naturalium Universitatis Masarykianae Brunensis.  |p Biologia  |0 s 
910 2 |a BOA001  |b 2-1158.567,11 
928 9 |a Masarykova univerzita 
990 |a BK 
995 |a 01 
991 |b 200510  |c NOV 
996 6 |b 2610260897  |c 2-1158.567,11  |l MZK  |r Sklad / do 1 hodiny  |n 0  |p p.v.  |w 000792217  |u 000010  |a 1  |e BOA001  |j MZK50  |s P 
996 7 |b 2610260898  |c 2-1158.567,11  |l MZK  |r Sklad / do 1 hodiny  |n 1  |p p.v.  |w 000792217  |u 000020  |a 1  |e BOA001  |j MZK50  |s A